[Программы]. Вып. 19: Теоретическая механика (Запись № 13608549)
[ простой вид ]
| 000 -МАРКЕР | |
|---|---|
| контрольное поле | 01546nam2a2200265 4500 |
| 001 - ИДЕНТИФИКАТОР ЗАПИСИ | |
| контрольное поле | rc\2975033 |
| 005 - ИДЕНТИФИКАТОР ВЕРСИИ | |
| контрольное поле | 20260315061853.0 |
| 035 ## - ДРУГИЕ СИСТЕМНЫЕ НОМЕРА | |
| Идентификатор записи | (NLR Aleph) 007120778 |
| 100 ## - ДАННЫЕ ОБЩЕЙ ОБРАБОТКИ | |
| Данные общей обработки | 20110908d1938 u y0rusy50 ca |
| 101 0# - ЯЗЫК РЕСУРСА | |
| Язык текста, звукозаписи и т.д. | русский |
| 102 ## - СТРАНА ПУБЛИКАЦИИ ИЛИ ПРОИЗВОДСТВА | |
| Страна публикации | Российская Федерация |
| 105 ## - ПОЛЕ КОДИРОВАННЫХ ДАННЫХ: ТЕКСТОВЫЕ МАТЕРИАЛЫ, МОНОГРАФИЧЕСКИЕ | |
| Кодированные данные о монографическом текстовом документе | a z ||||| |
| 200 1# - ЗАГЛАВИЕ И СВЕДЕНИЯ ОБ ОТВЕТСТВЕННОСТИ | |
| Основное заглавие | Теоретическая механика |
| Сведения, относящиеся к заглавию | Программа и метод. укзания для заочников. Физ.-мат. фак-т педагог. ин-тов |
| 210 ## - ПУБЛИКАЦИЯ, РАСПРОСТРАНЕНИЕ И ДР. | |
| Дата издания, распространения и т.д. | 1938 |
| 215 ## - ФИЗИЧЕСКАЯ ХАРАКТЕРИСТИКА | |
| Специфическое обозначение материала и объем | 62 с. |
| Другие сведения о физической характеристике | черт. |
| 300 ## - ОБЩИЕ ПРИМЕЧАНИЯ | |
| Текст примечания | На обороте тит. л.: "Автор метод. указаний - проф. Н.А. Попов" |
| 461 #0 - УРОВЕНЬ НАБОРА | |
| Встроенное поле | 001rc\2975019 |
| -- | 2001#$a[Программы]$eВып. 1-$fУпр. высш. школы НКП РСФСР, Науч.-метод. кабинет по заоч. обуч.$vВып. 19 |
| Системный номер (АБИС) связанной записи | 6860415 |
| Автор | Научно-методический кабинет по заочному обучению учителей (Москва) |
| Место публикации | [Москва] |
| Дата публикации | 1938 |
| Первые сведения об ответственности | Управление высшей школы НКП РСФСР, Науч.-метод. кабинет по заочному обучению |
| Имя издателя, распространителя и т.д. | Наркомпрос РСФСР |
| Заглавие | [Программы] |
| Номер тома | Вып. 19 |
| 701 #1 - ИМЯ ЛИЦА - АЛЬТЕРНАТИВНАЯ ОТВЕТСТВЕННОСТЬ | |
| Начальный элемент ввода | Попов |
| Часть имени, кроме начального элемента ввода | Н. А. |
| Дополнения к именам, кроме дат | д-р техн. наук, строит. материалы |
| Даты | 1899-1964 |
| Расширение инициалов личного имени | Николай Анатольевич |
| Системный номер авторитетной/нормативной записи | 241586 |
| Идентификатор авторитетной/нормативной записи | RU\NLR\AUTH\770241642 |
| 801 #0 - ИСТОЧНИК ЗАПИСИ | |
| Страна | Российская Федерация |
| Организация | NLR |
| Правила каталогизации | psbo |
| 801 #1 - ИСТОЧНИК ЗАПИСИ | |
| Страна | Российская Федерация |
| Организация | ELAR |
| Источник данных | rusmarc |
| 852 ## - МЕСТОНАХОЖДЕНИЕ И ШИФР ХРАНЕНИЯ | |
| Идентификатор организации | NLR |
| Шифр хранения (Call Number) | 37-18/278(19) |
| 942 ## - ДОПОЛНИТЕЛЬНЫЕ ЭЛЕМЕНТЫ ЗАПИСИ (АБИС) | |
| Тип экземпляра АБИС | Неопределено |
| 980 ## - КОЛЛЕКЦИЯ | |
| Название коллекции | Национальная библиография |
Нет доступных экземпляров.